Tendances stylistiques dans la prose narrative francaise au XVI siecle.

Saved in:
Bibliographic Details
Main Author: Lorian, Alexandre
Format: Book
Language:English
Published: Paris : Klincksieck, 1973.
Series:Bibliothèque française et romane. Manuels et études linguistiques ; 26.
Subjects:
LEADER 01125nam a2200253 i 4500
001 c000256044
003 CARM
005 00000000000000.0
008 841019s1973 fr 0 eng d
019 1 |a 322019  |z 41553929  |5 LACONCORD2021 
020 |a 2252015209 
035 |a (OCoLC)824599  |5 LACONCORD2021 
082 0 4 |a 447.02 
100 1 |a Lorian, Alexandre. 
245 1 0 |a Tendances stylistiques dans la prose narrative francaise au XVI siecle. 
260 |a Paris :  |b Klincksieck,  |c 1973. 
300 |a 343 p. 
490 1 |a Universite des sciences humaines de Strasbourg. Centre de philologie romane. Bibliotheque francaise et romane. Ser. A: Manuels et etudes linguistiques ;  |v 26 
500 |a Bibliography: p. [333]-336. 
650 0 |a French language  |y Early modern, 1500-1700  |x Style. 
830 0 |a Bibliothèque française et romane.  |n Série A.  |p Manuels et études linguistiques ;  |v 26. 
852 8 |b CARM  |h A1:AP19B0  |i C09244  |p 0373679  |f BK 
999 f f |i 7beb265c-5591-51f8-b39a-bf8b8783f6ca  |s 31444697-f68f-5a5c-930a-36b5df769e36 
952 f f |p Can circulate  |a CAVAL  |b CAVAL  |c CAVAL  |d CARM 1 Store  |e C09244  |f A1:AP19B0  |h Other scheme  |i book  |m 0373679